Management practices and thoughts in ancient India (Record no. 396923)

MARC details
000 -LEADER
fixed length control field 00565 a2200205 4500
005 - DATE & TIME
control field 20260314094112.0
008 - FIXED-LENGTH DATA ELEMENTS--GENERAL INFORMATION
fixed length control field 260313b |||||||| |||| 00| 0 eng d
020 ## - ISBN
International Standard Book Number 9789365570434
Price Rs. 1495.00
040 ## - CATALOGING SOURCE
Original cataloging agency VIVEKANANDA LIBRARY
082 ## - DDC NUMBER
Classification number 658.00934
Book Number M726M
100 ## - MAIN ENTRY--PERSONAL NAME
Personal name Mohanty, Munmun, ed.
245 ## - TITLE STATEMENT
Title Management practices and thoughts in ancient India
260 ## - PUBLICATION, DISTRIBUTION, ETC. (IMPRINT)
Name of publisher, distributor, etc Himalaya Publishing House
Date of publication, distribution, etc 2025
Place of publication, distribution, etc Mumbai
300 ## - PHYSICAL DESCRIPTION
Pages 221
650 ## - Subject
Subject Management
650 ## - Subject
Subject General Management
650 ## - Subject
Subject Ancient India
700 ## - Added Entry Personal Name
Added Entry Personal Name Khandelwal, N M, ed.
942 ## - ADDED ENTRY ELEMENTS (KOHA)
Koha item type Books
Holdings
Withdrawn status Lost status Source of classification or shelving scheme Damaged status Not for loan Location (home branch) Sublocation or collection (holding branch) Shelving location Date acquired Koha issues (times borrowed) Koha full call number Accession No. Koha date last seen Koha item type
    Dewey Decimal Classification     VIVEKANANDA LIBRARY VIVEKANANDA LIBRARY IMSAR Library 17/02/2026   658.00934 M726M 420847 17/02/2026 Books
© Designed and Maintained by Vivekananda Library, MDU Rohtak